Normal view
MARC view
Entry Personal Name
001 - CONTROL NUMBER
- control field: 1236642
003 - CONTROL NUMBER IDENTIFIER
- control field: OSt
005 - DATE AND TIME OF LATEST TRANSACTION
- control field: 20260430150148.0
008 - FIXED-LENGTH DATA ELEMENTS
- fixed length control field: 260430|| aca||aabn | a|a d
040 ## - CATALOGING SOURCE
- Original cataloging agency: OSt
- Transcribing agency: OSt
100 ## - HEADING--PERSONAL NAME
- Personal name: University of Delhi. Faculty of Science. Deptt. of Home Science
670 ## - SOURCE DATA FOUND
- Source citation: Work cat.: (OSt)1849102: Bansal Sonia Au.; Mital Meenakshi Gu.; Gupta Puja Gu. 1236641, Assessment of Skill Development Initiatives of industrial Training institures(ITIs) in Delhi: Stakeholders Perspective, 2021
